000 00540nam a2200157 a 4500
001 000044154
005 20201002045201.0
008 140602s1994 dr 000 0 spa d
040 _aDO-SdBNP
_bspa
_cBNPHU
100 1 _aRodríguez, Nelsón
_950444
245 1 0 _aGimnasia trans-formativa :
_bcurso básico /
_cNelsón Rodríguez, Rafael E. Mateo G.
260 _aSan Francisco de Macoris, República Dominicana :
_bEditora S A.,
_c1994.
300 _a79 p. ;
_c22 cm.
504 _aBibliografía : p. 79
700 1 2 _aMateo G., Rafael E.
_972168
999 _c43643
_d43643